000 00352 a2200169 4500
001 172113
020 _a85-16-00556-9
040 _cMagnum
100 _aBorges, Rogerio
240 1 0 _aMágica de coelho
_lpor
245 1 0 _aMágica de coelho
300 _a24
362 0 _a1991
440 1 _aModerna
697 _aLITERATURA INFANTO
942 _cBK
999 _c172113
_d172113